All 10k+ Cities in Bihar - Statistics

General Stats
  • This quiz has been taken 35 times
  • The average score is 53 of 1281
Answers on the Map
Answers color-coded by a green-red scale on the quiz's map according to % correct below.
 
Answer Stats
Population Answer % Correct
1684297 Patna
82%
474093 Gaya
77%
51849 Arwal
73%
11441 | 105782 Kishanganj
73%
11104 Aura
68%
10444 Bank
68%
132209 Bettiah
68%
22486 Bikram
68%
102861 Buxar
68%
49406 Khagaria
68%
12788 | 79021 Araria
64%
261430 Arrah
64%
296039 Darbhanga
64%
67339 Gopalganj
64%
87357 Jamui
64%
240838 Katihar
64%
25831 Madhepur
64%
354462 Muzaffarpur
64%
49507 Narkatiaganj
64%
15947 Phulwar
64%
282248 Purnia
64%
41587 Rajgir
64%
14368 Sahar
64%
147408 Sasaram
64%
135066 Siwan
64%
50475 Forbesganj
59%
44364 Khagaul
59%
17510 Madhuban
59%
213303 Munger
59%
11780 Rajpur
59%
67925 Samastipur
59%
102244 Aurangabad
55%
10157 Bara
55%
400146 Bhagalpur
55%
52364 Daudnagar
55%
137231 Dehri
55%
147688 Hajipur
55%
99979 Lakhisarai
55%
126158 Motihari
55%
252008 Begusarai
50%
38439 Bodh Gaya
50%
35641 Islampur
50%
12131 | 98029 Nawada
50%
55536 Raxaul Bazar
50%
156540 Saharsa
50%
67818 Sitamarhi
50%
26014 Areraj
45%
45977 Banka
45%
50179 Bhabua
45%
297268 Bihar Sharif
45%
47549 Bihta
45%
48465 Bikramganj
45%
17076 Jahanabad
45%
12792 | 30972 | 105434 Jamalpur
45%
54472 Madhepura
45%
23819 Nasriganj
45%
25011 Naubatpur
45%
81740 Phulwari Sharif
45%
62927 Sheikhpura
45%
28116 Sheohar
45%
37776 Sonepur
45%
24509 | 71660 Barauni
41%
26707 Behea
41%
18636 Chandpur
41%
202352 Chapra
41%
103202 Jehanabad
41%
14073 Saren
41%
19617 | 65437 Supaul
41%
112634 Bagaha
36%
182429 Dinapur Nizamat
36%
10089 Madhopur
36%
13327 | 28508 | 75736 Madhubani
36%
10072 | 14596 | 48411 Ramnagar
36%
13519 Roh
36%
47550 Balia
32%
67952 Bihat
32%
11914 Chhapra
32%
27302 Nokha
32%
33785 Piro
32%
39039 Revelganj
32%
52892 Sultanganj
32%
21782 Jainagar
27%
12282 jainagar
27%
10902 | 21637 | 25407 Rampur
27%
10204 Shekhpura
27%
51052 Hilsa
23%
23984 Nabinagar
23%
11792 Turki
23%
15674 Dumra
18%
11298 Harri
18%
13547 | 17767 Shahpur
18%
17162 Deo
14%
53618 Dumraon
14%
13406 Goh
14%
17725 Koilwar
14%
24282 Maharajganj
14%
35536 Rafiganj
14%
10229 Shamshernagar
14%
31773 Akbarnagar
9%
17690 Bhagwanpur
9%
24620 Chausa
9%
11045 | 37098 Lalganj
9%
40068 Maner
9%
12153 Phulwariya
9%
11230 Sher
9%
31073 Sherpur
9%
61470 Barh
5%
11502 Barhi
5%
12962 Bari
5%
12766 Gopalpur
5%
10275 Itarhi
5%
10088 | 11595 | 32447 Jagdishpur
5%
40646 Jhajha
5%
15731 Khusrupur
5%
31994 Makhdumpur
5%
59803 Masaurhi
5%
11536 Massa
5%
11226 mohammadpur
5%
10208 | 13125 Pali
5%
12131 | 22403 | 24367 Raghopur
5%
30170 Rajauli
5%
34772 Rani
5%
10726 Shahabad
5%
40666 Sherghati
5%
10846 | 11947 | 12704 | 17670 Simri
5%
18348 Thakurganj
5%
11527 Abhia
0%
12846 Abhwar
0%
13305 Aer
0%
14595 Afzala
0%
18232 Agarpur
0%
12328 Agnur
0%
16018 Ahiari
0%
12111 | 12620 Ahirauliya
0%
10638 Ahiro
0%
24655 Ahmadabad
0%
16980 Akhta *
0%
32468 Alamnagar
0%
11687 Alampur Gonpura
0%
15525 Alauli
0%
13921 Amaha
0%
14925 Amari
0%
25336 Amarpur
0%
13979 Amawan
0%
17531 Ambaicharua
0%
10242 Amgachhi
0%
10396 Amha
0%
10766 Amjhar
0%
20198 Amodei
0%
25242 Amwa Kalan
0%
23959 Andhra Tharhi
0%
19586 Anrer
0%
11294 Aphaur
0%
15970 Arajpur
0%
11604 Arma
0%
10379 Arnia
0%
14061 Asthawan
0%
24339 Athar
0%
10939 Athri
0%
11500 Aunhar Shekh
0%
15807 Aunsi Babhangawan
0%
11189 | 16207 Aurahi
0%
12862 Auria
0%
10880 Auta
0%
18971 Awapur urf Sherpur
0%
13034 Babhanganwa
0%
12995 Babhangawan
0%
14720 Babhani Bholwa
0%
28412 Babura
0%
10784 Bachharpur urf Sahu Tikai
0%
13749 Bachhauta
0%
11051 | 17367 Bagahi
0%
11242 Bagaura
0%
11380 Bagha kusmar
0%
12422 Baghambarpur
0%
10553 Baghant
0%
12943 Baghari
0%
10261 Baghauni
0%
10951 Baghra
0%
36993 Bahadurganj
0%
13365 Bahadurpur
0%
11602 Bahdarpur
0%
11789 Bahera Zahid
0%
21872 Baheri
0%
13356 Bahilwara Rupnath
0%
12326 Bahuarwa
0%
17538 Baikatpur
0%
42895 Bairgania
0%
13324 | 14194 Bairia
0%
12258 Bairo
0%
15202 Bakarpur Ogairah
0%
40043 Bakhri
0%
27282 | 47897 Bakhtiarpur
0%
11908 Bakiasukhai
0%
12450 Balahpur
0%
10749 Balha
0%
13976 Baligaon
0%
14176 Balipur Parsuram
0%
12456 Balua
0%
13819 Balua Kachhari
0%
15617 Banaul
0%
11439 Banbhag
0%
12943 Bandwar
0%
30061 Bangaon
0%
12214 | 16574 Bangawan
0%
30336 Banmankhi Bazar
0%
16984 Banni
0%
11584 Bansbari
0%
12175 Bans Ghat
0%
12311 Banu Chhapra
0%
18466 Baragaon
0%
10208 Barah
0%
43032 Barahiya
0%
11605 Barahkurwa
0%
10426 Barahra
0%
13001 Bara Jairam
0%
10392 Baramdia
0%
11473 Baraon
0%
14986 Barari
0%
10780 Bara Shankar
0%
41877 Barauli
0%
11427 Barawan
0%
46075 Barbigha
0%
10320 Bardahi Barhara
0%
11633 Bardiha Turki
0%
10403 Baretha
0%
10748 Bargaon
0%
13146 | 17057 | 17882 Barhampur
0%
10835 Barhari
0%
10142 Barharia
0%
16045 Barharwa Kalan
0%
11316 Barharwa Lakhansen
0%
12131 Barhauna
0%
21121 Barhepara
0%
14164 Bariariya
0%
13623 | 16614 | 21709 Bariarpur
0%
42775 Bariarpur urf Bazidpur
0%
26505 Barinagar
0%
11711 Bariyarpur
0%
10808 Bariyarpur Kandh
0%
11771 Barka Ganw
0%
10932 | 16327 Barka Gaon
0%
24038 Barki Balia
0%
11160 Baruari
0%
27064 Baruraj
0%
12925 Baruwar
0%
12961 Barwat Pasrain
0%
12117 Basahia Shekh
0%
13579 Basaithi
0%
12499 Basantpur
0%
12752 Basaon
0%
14084 Basarh
0%
18468 Basatpur
0%
12413 Basauli
0%
10761 | 12141 Basdeopur
0%
10756 Basmatiya
0%
24424 Basopatti
0%
10686 Baspiti
0%
14385 Basuki Bihari
0%
10497 Batardeh
0%
24932 Bathanaha Jujharpatti
0%
11457 Bath Asli
0%
13451 Bathua Buzrug
0%
11440 Bathuar
0%
16497 Baturbari
0%
14710 Bauilia
0%
11455 Bauram
0%
12651 Bazidpur
0%
10714 Bazidpur Chak Kasturi
0%
14059 Beapur
0%
19306 Behat
0%
12733 Behra
0%
10013 Behrari
0%
11132 | 12203 Bela
0%
10067 Belari
0%
10636 Belauncha
0%
14713 Belaur
0%
10627 Belchand Sukhia
0%
20703 Beldaur
0%
32293 Belhi
0%
15489 Belo
0%
20566 Belsand
0%
13727 Belsandi Tara
0%
13049 Belsarh
0%
12900 Belwa
0%
13581 Belwara
0%
16103 Benipatti
0%
75317 Benipur
0%
15792 Berai
0%
12573 Betia Dih
0%
10770 Bhachhi Asli
0%
21643 Bhadas
0%
20739 Bhadauni
0%
10950 Bhagwanpur Desua
0%
10226 Bhagwanpur Piprarhi
0%
10786 | 11063 Bhagwatpur
0%
10703 Bhaisalotan
0%
12575 Bhakua
0%
16693 Bhandar
0%
10557 Bhandarso
0%
10184 Bhangha
0%
10747 Bhanghi
0%
11119 Bhansia
0%
11172 Bharokhra
0%
12619 Bharwara
0%
15681 Bhasar Machhaha
0%
12757 Bhatgaon
0%
14339 Bhatha Harpur
0%
14558 Bhatranha
0%
10122 Bhaurdah
0%
11774 | 15422 | 16549 | 25743 Bhawanipur
0%
28649 Bhawanipur Rajdham
0%
12542 Bhawantikthi
0%
11794 Bheja
0%
10471 Bhelahi
0%
13382 Bhela Simri
0%
20000 Bhiraha
0%
12647 Bhit Bhagwanpur
0%
17088 Bhojpur Jadid
0%
18243 Bhojpur Kadim
0%
17421 Bholsar
0%
19958 Bhopatpur
0%
11919 Bhutahi
0%
34764 Bibhutipur
0%
10934 Biddupur
0%
12157 Bihariganj
0%
27019 Bihpur
0%
12435 Bijai
0%
33876 Bijbani
0%
15633 Bina
0%
10478 Bind
0%
32488 Binda Diara
0%
11833 Birdaban
0%
18504 Birhana
0%
18596 Birnagar
0%
10819 | 16218 | 18113 | 19932 Birpur
0%
13981 Bisfi
0%
10317 | 10892 | 14428 Bishunpur
0%
16051 Bishunpura
0%
10716 Bishunpur Abhi
0%
11486 Bishunpur Daulat
0%
24542 Bishunpur Sundar
0%
17647 Bistaria
0%
11479 Bithan
0%
19662 Bithnauli Khemchand
0%
10334 Bobil
0%
14152 Bokane Kalan
0%
14459 Bokhra
0%
34026 Borne
0%
11140 Bucheya
0%
10720 Burhia Dhanghatta
0%
10349 Burhmagra Jajuara Khurd
0%
13063 Chahatpur
0%
15274 Chailaha
0%
11306 Chainpur
0%
14455 Chainpur Mobarakpur
0%
17613 Chaita
0%
11525 Chakai
0%
11463 Chak Hussaini
0%
20686 Chakia
0%
12814 Chakwa
0%
14674 ChampaPur
0%
32434 Chamtha
0%
22436 Chanaur
0%
18998 Chandar Gobraura
0%
12038 Chandauli
0%
33457 Chand Chaur
0%
10989 Chandhaus
0%
14004 Chandi
0%
10915 Chandpura
0%
14400 Chandpur Bhagha
0%
27095 Chanpatia
0%
18167 Charkhi
0%
17866 Chatia
0%
12611 Chaugain
0%
10470 Chauki
0%
10197 Chaukihasan Chauki Makhdum
0%
14699 Chautham
0%
19001 CheraKhera
0%
35976 Cheraut
0%
11090 Chero
0%
16467 Chhajan Harshankar
0%
13205 Chhapia
0%
14803 Chhapra Bahas
0%
11434 Chhatapur
0%
11054 Chhatwan
0%
10865 Chhithi Hanuman Nagar
0%
13422 Chikni
0%
25760 Chitauni
0%
11555 Chitauria
0%
10236 Chochahi Chhapra Kashijha
0%
10644 Chorhli
0%
13398 Chorma
0%
12284 Churli
0%
33700 Colgong
0%
12448 Dagmara
0%
15483 Dahibhat Madhopur
0%
12686 Dahura
0%
10399 Dahwa Khairi Khutaha
0%
21266 Dalan
0%
23862 Dalsinghsarai
0%
13884 Damodarpur
0%
14523 Danwan
0%
13523 Daparkha
0%
10073 Darauli
0%
11215 Darharia
0%
11953 Darihat
0%
10553 Darmaha
0%
15026 Darpa
0%
10168 Darwa
0%
21463 Darweshpur Uparwar
0%
12772 Dasraha Bhograjpur
0%
10313 Datiana
0%
11638 Daudnagar Motaluke Damaipatti
0%
11019 Daunaha
0%
12547 Dayalpur Sapha
0%
10184 Debipur
0%
17313 Dehti
0%
10367 Deodha
0%
19165 Deoria
0%
11184 Desri
0%
10911 Desri urf Sahjahanpur
0%
13073 Dewangarh
0%
25782 Dhabauli
0%
42063 Dhaka
0%
10144 Dhakaich
0%
18750 Dhamauli Ramnath
0%
17144 Dhamaun
0%
37987 Dhamdaha
0%
15373 Dhanaur
0%
11740 Dhanaura
0%
12993 Dhanupra
0%
13417 Dharahara
0%
12803 Dharampur Bande
0%
11845 Dharhara Kasba
0%
10417 Dharharwa urf Parri Dharharwa
0%
14058 Dharphari
0%
15241 | 22699 Dhekaha * *
0%
11556 Dhepura
0%
12376 Dhewadha Chhatarwar
0%
17904 Dhobauli
0%
11165 Dhobhawan
0%
10139 Dhorgaon
0%
15270 Dhumnagar
0%
14292 Dhusar Tikapatti
0%
12295 Dhutauli
0%
14941 Dighaun
0%
20520 Dighi Kalan
0%
21100 Dighwa
0%
32741 Dighwara
0%
12136 Dih lahi
0%
11229 Dihri
0%
15972 Dilarpur
0%
28723 Dinapur Cantonment
0%
11733 Dinara
0%
13687 Dinmanpur
0%
21564 Dip
0%
10392 Dipahi Dharharwa
0%
13744 Doria Sonapur
0%
15395 Dudhari
0%
17112 Dumari
0%
11973 Dumaria
0%
13607 Dumri
0%
10667 Dumri Kalan urf Madhuban Jadu
0%
10530 Ekamba
0%
11726 Ekhari
0%
10072 | 13175 Ekma
0%
11561 Ekwari
0%
10909 Eraura
0%
12582 Fatehabad
0%
11982 | 12110 | 12930 Fatehpur
0%
11363 Fatehpur Shahbaz
0%
50961 Fatwah
0%
11427 Gajhara
0%
11609 Gamharia
0%
16745 Ganeshpur
0%
10036 | 17570 Gangapur
0%
11044 Garha
0%
14580 Garhpura
0%
12088 GarhSisai
0%
13348 Gaundra
0%
12517 | 14802 Gaura
0%
11110 Gauri Har Khalik Nagar
0%
10771 Gayaspur
0%
11299 Gazipur
0%
10619 Gethaura
0%
24785 Ghataro Chaturbhuj
0%
13572 Ghogha
0%
18257 Ghoghardiha
0%
15993 Ghorasahan urf Kotwa
0%
12550 Ghordaur
0%
19178 Ghosai
0%
11558 Ghoswari
0%
11407 Ginjas
0%
10583 Gisara urf Gidhsara
0%
16030 Gobindpur *
0%
11417 Gobindpur
0%
37753 Gogri Jamalpur
0%
10514 Gohuma Bairia
0%
11098 Gondapur
0%
10063 Gorha
0%
10516 Gorhi
0%
26408 Goriar
0%
11326 Goshaingaon
0%
15991 Gothini
0%
19494 Goura
0%
24969 Gulam
0%
10398 Gulni
0%
13910 Gunri
0%
10309 Gurwalia Biswas
0%
12063 Habibpur
0%
10038 Hansa
0%
15593 Haraj Nurullahpur
0%
14415 Harari
0%
20287 Hardi
0%
10595 Hardia
0%
11458 HardiYa
0%
13592 Hargawan
0%
12462 Hari Bhauor
0%
32612 Haridih
0%
17850 Harihans
0%
13990 Hariharpur
0%
12959 Haripur
0%
11243 Hariraha
0%
12621 Haritha
0%
17957 | 21497 Harpur
0%
11758 Harpur Bochaha
0%
11285 Harpur Pusa
0%
11969 | 14671 Hasanpur
0%
13700 Hasanpur Juned
0%
11792 Hathauri
0%
11982 Hathwan
0%
16044 Hatiaundha
0%
12431 Hirauta Duma
0%
10361 Hisar
0%
32585 Hisua
0%
20757 Huseni
0%
10771 Husepur
0%
13285 Ijra
0%
11820 Ikhlaspur
0%
10699 Isapur
0%
14655 Ismail Pur
0%
10181 Israin Kalan
0%
10314 Israin Khurd
0%
10065 Isua
0%
15716 Itahri
0%
15114 Jadia
0%
11320 Jadopur Shukul
0%
10848 Jagarnathpur
0%
10744 Jagban
0%
10080 Jahangira
0%
19898 Jahangirpur
0%
23135 Jaipur Chuhar
0%
23368 Jaisinghpur
0%
16315 Jaitiya
0%
13101 Jaitpur
0%
25875 Jajuara
0%
37256 Jale
0%
12168 Jalpura
0%
13891 Jamira
0%
11196 Jamsaut
0%
11139 Jamua
0%
11253 Jamunia Kawaia
0%
15129 Janakpur Road
0%
11781 Jankinagar
0%
10614 Janpur
0%
21145 Jarang
0%
10903 Jarshon
0%
11582 | 12650 Jasauli
0%
16965 Jawkatia
0%
12769 Jethuli
0%
11079 Jhagarua
0%
10617 Jhakhra
0%
30590 Jhanjharpur
0%
12186 | 16396 Jhapaha
0%
11459 Jhaua
0%
10127 Jhit Kahiya
0%
11545 Jianganj
0%
14241 Jirangachh
0%
26295 Jirwa
0%
11292 Jitaura Jangal Mahal
0%
10282 Jitpur
0%
12574 Jitwarpur Kumhra
0%
10568 Jitwarpur Nizamat
0%
11338 Jiwachhpur
0%
39281 Jogabani
0%
14807 Juramanpur Karari
0%
12862 Jurja
0%
10141 Kab
0%
12790 Kabira
0%
11105 Kabirpur
0%
11402 Kadwa
0%
14908 Kail
0%
14713 Kajha
0%
17374 Kajur
0%
12946 Kakan
0%
23037 Kako
0%
16039 Kakraul
0%
11794 Kakwara
0%
11565 Kala Diara
0%
11314 Kala Patti
0%
12853 Kaler
0%
11482 Kaleyanpur
0%
10717 Kalikapur
0%
14638 Kalwara
0%
17946 Kalyanpur Bamola
0%
19773 Kalyanpur Basti
0%
12826 Kamal Dah
0%
11581 Kamalpur
0%
10919 Kamrawan
0%
10871 Kanhaipur
0%
13414 Kanhauli Manohar
0%
13203 Kanhwa
0%
19431 Kanp
0%
25953 Kanta Pirauchha
0%
25051 Kanti
0%
17649 Karahia
0%
11961 Karanpur
0%
10170 Kargahar
0%
17788 Karharia
0%
25225 Karian
0%
12306 Kariho
0%
23751 Karimullahpur
0%
39855 karmegh
0%
12592 Karpi
0%
30421 Kasba
0%
10797 Kasba Ahar
0%
11538 Kasraund
0%
11696 Kataha
0%
20193 Kataiya
0%
18989 Katakus
0%
13484 Katar
0%
13561 Katarmala
0%
12198 Kauakol
0%
10466 Kaunra
0%
13859 Kauria Raepur
0%
13075 Kauriya
0%
12281 Kawalpura
0%
11561 Keal
0%
14531 Keota
0%
10209 Kerai
0%
18984 Kesaria
0%
14843 Kesath
0%
16559 Ketaki
0%
12013 Kewatgawan
0%
11340 Khagra
0%
14128 khaira
0%
22864 Khaira Tola
0%
17713 Khairi Banka
0%
11177 Khajuri
0%
11703 Khanarda
0%
10061 Khandaich
0%
10711 Khangaon
0%
11069 khanjahanpur
0%
12154 Khanpur
0%
31385 Kharagpur
0%
42354 Kharik
0%
16018 Kharka Basant
0%
13774 Kharsand
0%
38978 Khartari
0%
15074 Khawaspur
0%
35545 Khawaspur Diara urf Topra
0%
15209 Khirhar
0%
14257 Khiria
0%
10231 Khodawandpur
0%
19277 Khokha
0%
16288 Khunti Dhanaili
0%
12316 Khutaha
0%
16080 khutauna
0%
11084 Kingri
0%
10891 Kiratpur Raja Ram
0%
14824 Kishundaspur
0%
10362 | 11136 | 18988 Kishunpur
0%
17267 Kishunpur Ratwara
0%
10581 Kishunpur urf Narwara
0%
35608 Kita Chauhattar
0%
18890 Koath
0%
10414 Koch
0%
21597 Kochas
0%
17605 Kohbara urf Ramnagar
0%
22208 Koili Semra
0%
17189 Kojhi
0%
11324 Konand
0%
18779 Kopa
0%
11680 Korahia
0%
16786 Koriapatti
0%
17915 Kortho
0%
18835 Koskapur
0%
12149 koskapur
0%
10199 | 17463 Kothia
0%
11438 Kotwapatti Rampur
0%
10377 Kujri
0%
15046 kukraun
0%
13024 Kulharia
0%
14850 Kumaripur
0%
22292 Kumarkhad
0%
11650 Kumar Khand
0%
11280 Kumharson
0%
17767 Kumhra Bishunpur
0%
12420 Kunali
0%
15626 Kundal
0%
10830 Kunhari
0%
10461 Kurhani
0%
12950 Kursahar
0%
13758 Kurwa Mathia
0%
13875 Kusaha
0%
12104 Kutlupur Diara
0%
12314 Kutubpur
0%
10585 Labhgaon
0%
10302 | 11416 Lachhmipur
0%
12300 Ladugarh
0%
14177 Lagunia Suraj kanth
0%
15675 Lakhaura
0%
11737 Lakhawar
0%
12015 Lakhmipur Maheshpatti Deal
0%
17247 Lakhna
0%
16774 Lakhnaur
0%
14570 Lakho
0%
11153 | 17266 Lakri
0%
19006 Lalganj Teghra English
0%
14370 Lalganj urf Badh
0%
22270 Latauna
0%
10929 Lat Basepura
0%
21768 Laualagaon
0%
10689 Laukaha
0%
10522 Laukaria
0%
13831 Laukhan
0%
10961 Lauria
0%
10443 Leama
0%
17373 Lehara
0%
19443 Lodhwe
0%
12628 Lohiyar Ujain
0%
14190 Lulhaul
0%
10239 | 13669 | 15813 Madanpur
0%
10336 Madhopur Hazari
0%
20253 Madhuban Basaha
0%
10063 | 26588 Madhura
0%
11553 Madna
0%
10892 Madsudanpur Dumri Mahisautha
0%
11189 Maghra
0%
11604 Mahamadpur Shakra
0%
11566 Mahamdipur
0%
14377 Mahanth Maniari
0%
14602 Mahathour
0%
15109 Mahesh Khunt
0%
13617 Maheswa
0%
15896 Mahinawan
0%
19073 Mahisi
0%
11334 Mahmuda
0%
12800 Mahna Chandpur
0%
48293 Mahnar Bazar
0%
12630 Mahrail
0%
33196 Mahsaul urf Rampur Lachmi
0%
11877 Mahtha
0%
23845 Mahthi
0%
12521 Mahua Singh Rae
0%
18599 Mahuawa
0%
10014 Maida Babhangawan
0%
23565 Mairwa
0%
13642 Majarhat
0%
35905 Majhaul
0%
12711 Majhaur
0%
18462 Majhua
0%
10089 Makhdampur Dhapdhara
0%
12405 Maksuda
0%
13852 Maksudpur Kararia
0%
11093 Malahipatti Bahadurpur
0%
11888 Malar
0%
12232 Malepur
0%
12439 Malhipur
0%
25101 Malmal
0%
11252 Malpur Urf Dilawarpur
0%
17291 Manganj
0%
16533 Mangrauni
0%
26629 Manihari
0%
28097 Manik Chauk
0%
13870 | 17161 Manikpur
0%
16734 Manjha
0%
21081 Manjhi
0%
13176 Mankauli
0%
11295 Manpaur
0%
11196 Mansapur
0%
16246 Mansingha
0%
11455 Mansinghpur Bijhrauli
0%
17181 Manullahpatti
0%
17227 Maranchi
0%
28508 Marar
0%
11292 Marauatpur
0%
29932 Marhaura
0%
13723 Marui
0%
17475 Marwa
0%
24197 Masrakh
0%
12052 Masumnagar urf Premnagar
0%
10589 Mataili Khemchand
0%
15961 Math Lohiyar
0%
12066 | 17584 Mathurapur
0%
10174 Mathura Sultanpur Pachkatiya
0%
24847 Matihani
0%
15833 Mau Dhaneshpurd
0%
42528 Maura
0%
16057 Meghauna
0%
11588 Mehsari
0%
25995 Mehsi
0%
11024 Mejar Ganj Malahi
0%
12229 Mekra
0%
10638 Minapur Balha
0%
10778 Mirapur urf Gopalpur Moraul
0%
11831 Mirdaul
0%
26240 Mirganj
0%
15509 Mirpur
0%
14498 Mirzapur
0%
24908 Mogalia Purandaha
0%
13910 Mohania
0%
17827 Mohanpur
0%
12083 Mohanpur Gaughatta
0%
10692 Mohanpur Istamrar
0%
13078 Mohinuddin Nagar
0%
21157 Mohiuddi Nagar
0%
12640 Mohiuddipur
0%
12043 Mohni Madol
0%
60678 Mokameh
0%
19967 Mor
0%
19386 Morauna
0%
17326 Morwa
0%
28572 Motipur
0%
14972 Mukhtarpur Salkhani
0%
37174 Muradpur
0%
14505 Muradpur *
0%
11442 Muraitha
0%
28691 Murliganj
0%
14259 Mursand
0%
14848 Musapur
0%
10449 Mustafapur Bhath
0%
11008 Nagar Nahusa
0%
23275 Nagarpara
0%
13846 Nahar Rupauli
0%
25004 Nainijor
0%
10916 Nandwara
0%
16148 Nanpur
0%
10370 Naokothi
0%
13740 Narahia
0%
25366 Naranga
0%
16213 Narhan
0%
10977 Narhat
0%
17716 Nari Bhadawn
0%
13337 Narma
0%
34356 Nauagarhi
0%
49069 Naugachhia
0%
25347 Nauhatta
0%
15787 Naula
0%
11858 Nauranga
0%
31190 Nautan Dube
0%
10757 Nawabakhar
0%
12077 Nawada Govindganj
0%
10161 Nawalpur
0%
13808 | 16690 Naya Gaon
0%
21135 NayagaonUrfMohammadpurMuradpur
0%
17741 Nayanagar
0%
10247 Naya Nagar
0%
12328 Neuri
0%
25332 Nimuia
0%
11335 Ninga
0%
11798 Nirakpur Pali
0%
20189 Nirmali
0%
10805 Nirpur
0%
16680 Nohsa
0%
16703 Noniya
0%
15762 Nurchak
0%
14786 Obra
0%
12025 Olhanpur
0%
10450 Pachaut
0%
18109 Pachmir
0%
11696 Pach Pakri
0%
39140 Pachrukha
0%
16669 Paharpur
0%
18697 Pahsara
0%
18649 Paighambarpur Kolhua
0%
11676 Paik Para
0%
12324 Paina
0%
11038 Paithan Kawai
0%
14116 Pakariya Harsidhi
0%
28209 Pakhram
0%
14169 Pakra
0%
15698 Pakri
0%
34715 Pakri Barwan
0%
29582 Pakri Dayal
0%
13390 Palanwan
0%
11131 Pama
0%
12728 | 26310 Panapur
0%
11790 Panapur Langa
0%
32689 Pandaul
0%
11229 Panhar
0%
10922 Panr
0%
10745 Panrepatti
0%
11200 Papraur
0%
10789 Parbata
0%
14197 Parbatta
0%
11014 Par Diara
0%
13178 Parihara
0%
11556 | 17695 Pariharpur
0%
11543 Parjuar
0%
11229 Parmanandpur Khawas
0%
14033 Parora
0%
10911 | 16704 | 26641 Parsa
0%
21237 Parsagarhi
0%
18836 Parsahi Sirsia
0%
11423 Parsauna
0%
22445 Parsauni
0%
11119 Parsurampur
0%
35878 Partapnagar
0%
19951 Paru Khas
0%
12853 Parwa
0%
10422 Parwaha
0%
12150 Pastpar
0%
10040 Patahi Jadu
0%
10760 Patahi urf Patahi Rup
0%
12285 Pataili
0%
11717 Pathra
0%
19490 Pathrajolhania
0%
14696 Patilar
0%
27172 Patjirwa
0%
11586 Patori
0%
18797 Patpara
0%
11089 Patraha
0%
10198 Phaphot
0%
10113 Pharaha
0%
11823 Pharkia
0%
18973 Phulaut
0%
10358 Phulparas
0%
10080 Phulwaria
0%
11388 Pilich
0%
11442 Piparia
0%
11663 Piprahi
0%
14845 Pipralatif
0%
10291 Pipra Naurangia
0%
12699 Pipra Pakri
0%
13838 Pipra Parsain
0%
12749 Pirnagra
0%
13604 | 18643 Pohadi
0%
10810 Pota urf Tajpur Phaksia Bharthi
0%
13205 Potilia
0%
18427 Punaura
0%
32627 Pundarakh
0%
10211 Pupri
0%
10232 Puraina
0%
30829 Puraini
0%
15238 Purandaha Rajwaramai tola Mus.
0%
12036 Purani
0%
10670 Pursaulia
0%
21850 Qadirganj
0%
15721 Qasba Maker
0%
10458 | 11857 | 12161 | 17958 Raghunathpur
0%
17198 Raghunath Pur
0%
11496 Rahiar Kunchi
0%
12896 Rahika
0%
11602 Rahimabad
0%
24774 Rahimpur
0%
10687 Rahui
0%
15696 Raiam
0%
10184 Raibari Mahuawa
0%
17474 Raisri
0%
22806 Raja Pakar
0%
13051 Raje
0%
11203 Rajepur
0%
11342 Rajghat Grarail
0%
19296 Raj Khand
0%
15117 Rajni
0%
14631 Rajopatti Urf Kota Bazar
0%
10899 Rakhwari
0%
10500 Ramchandrapur
0%
21323 Ramdiri
0%
12101 Ramgarhwa
0%
10231 Ramnagar Mahesh
0%
18757 Ramnagar Pharsahi
0%
10832 Rampur Jalalpur
0%
12743 Rampur Kudarkatti
0%
22367 Rampur Mohanpur
0%
10383 Rampur Parhat
0%
21273 Rampur Saidpur Runi
0%
11441 Rampur Shamchand
0%
12409 Rampur Tilak
0%
12532 Rampurwa
0%
15712 Rangpura
0%
17651 Rangra
0%
14964 Rani Shakarpura
0%
14267 Ranjitpur urf Gobipur Daur
0%
10671 Ranko
0%
36569 Rarhi
0%
11332 Rasauli
0%
12203 Rasaunk
0%
25253 Rasiari
0%
15275 Raspur Patasia
0%
12578 Rasulganj urf Koili
0%
11292 Rasulpur
0%
14946 Rasulpur Dhuria
0%
13758 Ratan
0%
12961 Ratanmala
0%
10968 Ratanpur
0%
22386 Ratwara Bindwara Deoria
0%
17108 Raunakabad
0%
17285 Reota
0%
12104 Rewasi Maksudpur
0%
19129 Rifadpur
0%
27518 Riga
0%
17506 Rohar
0%
17597 Rohua Warisnagar
0%
13148 Roksa
0%
31155 Rosera
0%
12439 Rukhae
0%
19376 Rupas Mahagi
0%
20172 Rupauli
0%
11445 | 12935 Rupauli *
0%
14211 Rustampur
0%
19183 | 27262 Sabalpur
0%
14142 Sabnima
0%
12575 Sabour
0%
11116 Sadhua
0%
20044 Sadpur
0%
12562 Saghar Sultanpur
0%
10509 Saharbani
0%
11190 Sahasmal
0%
23224 Sahebganj
0%
12014 Sahiaganj
0%
10592 Sahila Rampur
0%
13554 Sahit
0%
27390 Saho
0%
11260 Sahoria Subhai
0%
10698 Sahri
0%
11415 Sahsaul
0%
12029 Sahtha
0%
19659 Sahugarh
0%
10884 Sahuli
0%
10934 Sahuria
0%
13415 Saidpur
0%
37101 Saidpur Dabra
0%
18469 Saidpur Salha Barari
0%
13432 Sakardih
0%
11938 Sakh Mohan
0%
13247 Saksohara
0%
18101 Sakuri
0%
10099 | 12893 Salempur
0%
12313 Samai
0%
12736 Sandhodullah
0%
11147 Sangram
0%
23555 Sangrampur
0%
29420 Sanha
0%
16574 Sankar Saraiya
0%
11362 Sanrha
0%
20301 Sanrh Majhganw
0%
10271 Santha
0%
10463 Sapahi
0%
18523 Sarae Ranjan
0%
10161 Saraigarh
0%
12464 Saraiya
0%
15379 Sarangpur
0%
18714 Sarari
0%
11596 Sarauni Kalan
0%
23984 Saraunja Thana Sitanabad
0%
22178 Sarea Khas
0%
12060 Sargatia
0%
23795 Sarkhandio Bitha
0%
11098 Sarmastpur
0%
18365 Sarotar
0%
17864 Sarso
0%
12750 Sasan
0%
11554 Sathmalpur
0%
12995 Sattar
0%
19771 Saurh
0%
25059 Semaria
0%
14041 Semra
0%
20404 Semralabedaha
0%
11204 Semri
0%
10959 Senduria
0%
10766 Shahidpur
0%
11202 Shahpur Baghauni
0%
10676 Shahpur Chaumukh
0%
25553 Shahpur Kamal
0%
11009 Shahpur Pirthipatti
0%
15183 Shamsa
0%
12051 Shamshuddinpur
0%
38852 Shankarpur Khawas
0%
11364 Sheo Diara
0%
13512 Sher chakla
0%
11800 Shitab Diara
0%
11120 Siadatpur Aguani
0%
16375 Sidhapa
0%
11143 Sihaul
0%
19700 Sihpur
0%
16805 Sikandra
0%
11847 Sikat
0%
12076 Silanath Dulipatti
0%
25674 Silao
0%
21227 Simaria
0%
11415 Simrahi
0%
11303 Singasni
0%
23382 Singhara Buzurg
0%
12389 Singhaso
0%
10064 | 21399 | 31952 Singhia
0%
21597 Singhia Buzurg
0%
10632 Singhibahni
0%
12059 Singhwara
0%
13186 Sinha
0%
20034 Siraha
0%
20193 Sirauli
0%
10102 Sirauna
0%
10748 | 10996 Sirinagar
0%
10451 | 19325 | 31628 Siripur
0%
17879 Siripur Gohar
0%
21975 Sirmatpur
0%
19318 | 26767 Sirnia
0%
11198 Sirsia Hanumanganj
0%
12414 Sirsian
0%
10501 Sisahni
0%
11892 Sisai
0%
12824 Sisauna
0%
13665 Siso
0%
14512 | 23136 Siswa
0%
12106 | 12110 Sitalpur
0%
12028 Siur
0%
12912 Siurajpur
0%
11474 Sohra
0%
15223 Sohtha
0%
10459 Solindabad
0%
11329 | 15754 Sonapur
0%
11490 | 12297 Sonbarsa
0%
17864 Sondiha
0%
17957 Sonhauli
0%
11014 Sonupur
0%
10234 Sonwan
0%
12106 Sothgaon
0%
14435 Sripur Hati
0%
12381 Subhanpur
0%
18092 Suganw
0%
38815 Sugauli
0%
12283 Sugauna
0%
15165 Sughrain
0%
10532 Suja
0%
13973 Sukhasan
0%
12677 Sukhasan *
0%
10281 Sukhpur Solhani
0%
19690 Sukhsan
0%
13235 Sukhsena
0%
10234 Sultanpur
0%
12914 Summha
0%
15859 Sundarpur
0%
13438 Surajpur
0%
29688 Sursand Asli
0%
13009 Sutihar
0%
14764 Tabhka Khas
0%
11803 Tadhwa Nandpur
0%
10739 Taran
0%
10189 | 10641 Tarar
0%
12923 Tarauna
0%
10244 Tarwara
0%
24518 Taulaha
0%
56234 Teghra
0%
10219 Tekuna
0%
11276 Telmar
0%
15787 Telua
0%
10269 | 15251 Telwa
0%
11470 Tengharhi
0%
11324 Teoth
0%
15572 Terahrasia
0%
12829 Tetarabad
0%
12440 Tetari
0%
10315 Teus
0%
35734 Thakraha
0%
22723 Thalha Garhia
0%
12963 Thandapur
0%
25025 Thatha
0%
12091 Thuma
0%
21324 Tikari
0%
11966 Tilari
0%
16402 Tilauthu
0%
11785 | 18768 Tintanga *
0%
14201 Tisi Narsam
0%
10865 Titara
0%
12608 Tola Barajor
0%
10506 Tola Jhundo
0%
12734 Tola Khadda
0%
10501 Tulshia
0%
16006 Turhapatti
0%
29704 Turkauliya
0%
15894 Turki Khararo
0%
12347 Udaypur Bitthwar
0%
15622 Ughara
0%
23280 Umga
0%
11524 Urlaha
0%
12771 Usmanpur
0%
26338 Usrahi Deodha
0%
34056 Warisaliganj
0%
No matching quizzes found
Score Distribution
Percent of People with Each Score
Percentile by Number Answered
Your Score History
You have not taken this quiz